Gobernar la comuna
محفوظ في:
| التنسيق: | كتاب |
|---|---|
| اللغة: | الإسبانية |
| منشور في: |
Santiago
Cordillera. Centro de Estudios Municipales
1992
|
| الطبعة: | 2a. ed |
| الموضوعات: | |
| الوسوم: |
إضافة وسم
لا توجد وسوم, كن أول من يضع وسما على هذه التسجيلة!
|
MARC
| LEADER | 00000nam a2200000 a 4500 | ||
|---|---|---|---|
| 001 | UCZ0055 | ||
| 003 | CL-VaPUC | ||
| 008 | 950724e19920500CL |||||||||||||||||spa|d | ||
| 082 | 0 | 4 | |a 352.007 |b GOB |2 21 |
| 245 | 1 | 0 | |a Gobernar la comuna |
| 246 | 1 | 0 | |a Manual de gestión municipal: programa de capacitación para dirigentes comunales |
| 250 | |a 2a. ed | ||
| 300 | |a 330 p | ||
| 942 | |c BK | ||
| 945 | |d 19950724 00:00:00 |a cmena | ||
| 260 | |a Santiago |b Cordillera. Centro de Estudios Municipales |c 1992 | ||
| 650 | 7 | |a GOBIERNO MUNICIPAL |2 CL-VaPUC |9 342634 | |
| 650 | 0 | |a Gobierno local |9 258648 | |
| 650 | 0 | |a Ciudades |9 265474 | |
| 650 | 0 | |a Comunidades locales |9 342635 | |
| 650 | 7 | |a CAPACITACION |2 CL-VaPUC |9 333907 | |
| 650 | 7 | |a METODOS DE CAPACITACION |2 CL-VaPUC |9 339159 | |
| 650 | 7 | |a CURSOS DE CAPACITACION |2 CL-VaPUC |9 340970 | |
| 583 | |a last modification |c 19950724 00:00:00 |k Rodrigo Vera | ||
| 999 | |c 237029 |d 237027 | ||
| 952 | |0 0 |1 0 |4 0 |6 352_007000000000000_GOB_1992 |7 0 |8 P |9 245692 |a BIBEDU |b BIBEDU |c BIBEDU_PB |d 2019-11-18 |i 1542133 |o 352.007 GOB 1992 |p 1542133 |r 2024-01-25 |w 2019-11-18 |y BK |k EDU | ||